| 000 | 00359pam a2200157a 44500 | ||
|---|---|---|---|
| 008 | 230515b2009 xxu||||| |||| 00| 0 eng d | ||
| 020 | _aNULL | ||
| 041 | _aENGLISH | ||
| 082 | _a532 BAN | ||
| 100 | _aDR. BANSAL R K | ||
| 245 | _aT B FLUID MECHANICS & HYDRAULIC MACHINES | ||
| 250 | _a1 | ||
| 260 |
_aN _bLAXMI _c2009 |
||
| 300 | _a1093 | ||
| 650 | _aNULL | ||
| 999 |
_c638937 _d638937 |
||